000 00249nam a22001097a 4500
008 140219t xxu||||| |||| 00| 0 eng d
020 _a81-7003-229-6
100 _aA W Joshi
_9751
245 _aA world-view of physics
300 _a435
942 _2ddc
_cBK
999 _c17008
_d17008